000 00298nam a22001337a 4500
008 171010b xxu||||| |||| 00| 0 eng d
020 _a9780060970024
041 _aeng
080 _a316
100 _a50
101 _aSOC
245 _aPLEASURES WOMEN WRITE EROTICA
_cBARBACH,L
942 _2udc
_cBK
999 _c32951
_d32951